| 000 | 00503nam a2200169Ia 4500 | ||
|---|---|---|---|
| 008 | 140529s9999 xx 000 0 und d | ||
| 020 | _a9789716856547 | ||
| 050 |
_aLB 1775 _b.Sa194 2005 |
||
| 100 | _aSan Diego, Eusebio S. | ||
| 245 |
_aTeacher power / _cEusebio S. San Diego ; foreword, Jovito R. Salonga. |
||
| 260 |
_aQuezon City, Philippines : _bLorimar Pub. Co., _cc2005. |
||
| 300 |
_a192 p. : _bill. ; _c23 cm. |
||
| 521 | _aGE | ||
| 650 | _aTeaching. | ||
| 942 |
_kLOC _cBK |
||
| 999 |
_c117660 _d117660 |
||